[Event "2024 National Elementary (K-6) Championship"]
[Site "Columbus, Ohio, United States"]
[Date "2024.04.26"]
[Round "2.16"]
[White "Johnson, Emerson Aurelius"]
[Black "Goodrich, Elliott"]
[Result "0-1"]
[TimeControl "G/90; d10"]
[BlackFideId "39902064"]
[WhiteElo "1634"]
[BlackElo "2014"]

1. d4 {[%clk 01:29:54]} {[%emt 00:00:06]} Nf6 {[%clk 01:30:00]} {[%emt
00:00:06]} 2. c4 {[%clk 01:29:54]} {[%emt 00:00:10]} g6 {[%clk 01:30:00]} 3.
Nf3 {[%clk 01:29:51]} {[%emt 00:00:09]} Bg7 {[%clk 01:30:00]} {[%emt 00:00:07]}
4. g3 {[%clk 01:29:49]} {[%emt 00:00:13]} O-O {[%clk 01:29:47]} {[%emt
00:00:19]} 5. Bg2 {[%clk 01:29:49]} {[%emt 00:00:07]} c6 {[%clk 01:29:44]}
{[%emt 00:00:38]} 6. Nc3 {[%clk 01:28:39]} {[%emt 00:01:13]} d5 {[%clk
01:29:03]} {[%emt 00:00:41]} 7. cxd5 {[%clk 01:26:15]} {[%emt 00:02:28]} cxd5
{[%clk 01:29:03]} {[%emt 00:00:26]} 8. O-O {[%clk 01:25:30]} {[%emt 00:00:33]}
Nc6 {[%clk 01:27:26]} {[%emt 00:01:57]} 9. b3 {[%clk 01:07:14]} {[%emt
00:18:22]} Ne4 {[%clk 01:24:24]} {[%emt 00:03:10]} 10. Bb2 {[%clk 01:04:37]}
{[%emt 00:02:43]} Bg4 {[%clk 01:22:33]} {[%emt 00:02:05]} 11. h3 {[%clk
00:56:01]} {[%emt 00:08:43]} Bxf3 {[%clk 01:20:50]} {[%emt 00:01:59]} 12. exf3
{[%clk 00:55:30]} {[%emt 00:00:43]} Nxc3 {[%clk 01:20:35]} {[%emt 00:00:20]} 13.
Bxc3 {[%clk 00:55:28]} {[%emt 00:00:23]} Qb6 {[%clk 01:20:30]} {[%emt
00:00:03]} 14. a4 {[%clk 00:50:33]} {[%emt 00:05:04]} a5 {[%clk 01:18:13]}
{[%emt 00:02:28]} 15. f4 {[%clk 00:49:12]} {[%emt 00:01:30]} e6 {[%clk
01:17:59]} {[%emt 00:00:24]} 16. Rb1 {[%clk 00:47:44]} {[%emt 00:01:38]} Rac8
{[%clk 01:15:50]} {[%emt 00:02:19]} 17. Qd2 {[%clk 00:46:09]} {[%emt 00:01:48]}
Bxd4 {[%clk 01:14:22]} {[%emt 00:01:40]} 18. Rfc1 {[%clk 00:42:28]} {[%emt
00:03:46]} Bxc3 {[%clk 01:12:27]} {[%emt 00:02:30]} 19. Rxc3 {[%clk 00:41:39]}
{[%emt 00:00:34]} Qb4 {[%clk 01:10:42]} {[%emt 00:01:58]} 20. Rbc1 {[%clk
00:38:51]} {[%emt 00:02:55]} Nd4 {[%clk 01:10:13]} {[%emt 00:00:43]} 21. Qe3
{[%clk 00:24:50]} {[%emt 00:14:05]} Rxc3 {[%clk 01:10:13]} {[%emt 00:00:21]} 22.
Rxc3 {[%clk 00:24:19]} {[%emt 00:00:55]} Qxc3 {[%clk 01:10:13]} 23. Qe5 {[%clk
00:24:09]} {[%emt 00:00:05]} Nf3+ {[%clk 01:10:00]} {[%emt 00:00:19]} 24. Bxf3
{[%clk 00:23:54]} {[%emt 00:00:30]} Qxf3 {[%clk 01:10:00]} 25. Qc7 {[%clk
00:23:54]} {[%emt 00:00:11]} Qxb3 {[%clk 01:10:00]} {[%emt 00:00:07]} 26. Qxa5
{[%clk 00:23:21]} {[%emt 00:00:40]} Rc8 {[%clk 01:10:00]} {[%emt 00:00:05]} 27.
f5 {[%clk 00:23:11]} {[%emt 00:00:21]} Qf3 {[%clk 01:09:55]} {[%emt 00:00:13]}
28. Qd2 {[%clk 00:22:59]} {[%emt 00:00:31]} Qxf5 {[%clk 01:09:55]} {[%emt
00:00:07]} 29. g4 {[%emt 00:00:40]} Rc2 {[%clk 01:09:40]} 30. Qe3 {[%clk
00:22:47]} {[%emt 00:00:07]} Qe4 {[%clk 01:09:40]} {[%emt 00:00:05]} 31. Qxe4
{[%clk 00:22:44]} {[%emt 00:00:15]} dxe4 {[%clk 01:09:40]} {[%emt 00:00:10]} 32.
a5 {[%clk 00:22:41]} {[%emt 00:00:06]} Ra2 {[%clk 01:09:40]} {[%emt 00:00:16]}
33. a6 {[%clk 00:22:41]} bxa6 {[%clk 01:09:40]} {[%emt 00:00:23]} 34. h4 Rb2 35.
h5 g5 {[%emt 00:00:04]} 36. h6 {[%clk 00:22:13]} {[%emt 00:00:06]} a5 {[%clk
01:09:40]} {[%emt 00:00:10]} 37. f3 {[%clk 00:22:11]} {[%emt 00:00:06]} exf3
{[%clk 01:09:40]} {[%emt 00:00:14]} 38. Kf1 {[%clk 00:22:11]} {[%emt 00:00:04]}
e5 {[%clk 01:09:40]} {[%emt 00:00:03]} 39. Ke1 {[%clk 00:22:11]} e4 {[%clk
01:09:40]} {[%emt 00:00:06]} 40. Kf1 {[%clk 00:22:11]} {[%emt 00:00:03]} e3
{[%clk 01:09:40]} {[%emt 00:00:03]} 41. Kg1 {[%clk 00:22:11]} Rd2 {[%clk
01:09:27]} {[%emt 00:00:20]} 42. Kh1 {[%clk 00:22:11]} {[%emt 00:00:18]} e2
{[%clk 01:09:27]} {[%emt 00:00:11]} 43. Kh2 {[%clk 00:22:11]} e1=Q+ {[%clk
01:09:27]} 44. Kh3 Qf1+ {[%emt 00:00:09]} 45. Kg3 {[%clk 00:22:04]} {[%emt
00:00:08]} 0-1

[Event "2024 National Elementary (K-6) Championship"]
[Site "Columbus, Ohio, United States"]
[Date "2024.04.26"]
[Round "2.17"]
[White "Raj, Narain"]
[Black "Zeng, Terrance"]
[Result "1-0"]
[TimeControl "G/90; d10"]
[WhiteElo "1065"]
[BlackElo "1186"]

1. e4 {[%clk 01:30:00]} {[%emt 00:00:01]} e5 {[%clk 01:30:00]} {[%emt
00:00:08]} 2. Nf3 {[%clk 01:30:00]} {[%emt 00:00:04]} Nc6 {[%clk 01:30:00]}
{[%emt 00:00:05]} 3. Bb5 {[%clk 01:29:40]} {[%emt 00:00:31]} Nd4 {[%clk
01:29:40]} {[%emt 00:00:30]} 4. Nxd4 {[%clk 01:28:19]} {[%emt 00:01:29]} exd4
{[%clk 01:29:40]} {[%emt 00:00:05]} 5. O-O {[%clk 01:28:01]} {[%emt 00:00:26]}
c6 {[%clk 01:29:34]} {[%emt 00:00:19]} 6. Bc4 {[%clk 01:27:23]} {[%emt
00:00:47]} g6 {[%clk 01:28:35]} {[%emt 00:01:10]} 7. c3 {[%clk 01:26:17]}
{[%emt 00:01:15]} Bg7 {[%clk 01:28:06]} {[%emt 00:00:39]} 8. Re1 {[%clk
01:25:31]} {[%emt 00:00:17]} Ne7 {[%clk 01:24:53]} {[%emt 00:04:03]} 9. d3
{[%emt 00:01:43]} O-O {[%clk 01:23:53]} {[%emt 00:01:05]} 10. cxd4 {[%clk
01:23:19]} Bxd4 {[%clk 01:22:54]} {[%emt 00:02:04]} 11. Nc3 {[%clk 01:23:10]}
Bxc3 {[%clk 01:22:34]} {[%emt 00:00:49]} 12. bxc3 {[%clk 01:22:55]} {[%emt
00:00:24]} d5 {[%clk 01:21:46]} {[%emt 00:00:59]} 13. exd5 {[%clk 01:21:43]}
{[%emt 00:01:21]} cxd5 {[%clk 01:20:48]} {[%emt 00:01:07]} 14. Bb3 {[%clk
01:16:32]} {[%emt 00:05:22]} Be6 {[%clk 01:17:24]} {[%emt 00:03:34]} 15. Bh6
{[%clk 01:14:51]} {[%emt 00:01:51]} Re8 {[%clk 01:16:49]} {[%emt 00:00:45]} 16.
Ba4 {[%clk 01:12:45]} {[%emt 00:02:15]} Bd7 {[%clk 01:15:22]} {[%emt 00:01:38]}
17. Bg5 {[%clk 01:10:22]} {[%emt 00:02:33]} Bxa4 {[%clk 01:14:26]} {[%emt
00:01:06]} 18. Qxa4 {[%clk 01:10:13]} {[%emt 00:00:19]} Qc7 {[%clk 01:13:32]}
{[%emt 00:01:04]} 19. Qd4 {[%clk 01:08:47]} {[%emt 00:01:35]} Rad8 {[%clk
01:11:59]} {[%emt 00:01:44]} 20. Qf6 {[%clk 01:06:59]} {[%emt 00:01:57]} Nf5
{[%clk 01:08:42]} {[%emt 00:03:29]} 21. g4 {[%clk 01:02:30]} {[%emt 00:04:37]}
Ng7 {[%clk 01:07:29]} {[%emt 00:01:24]} 22. Bh6 {[%clk 01:01:19]} {[%emt
00:01:21]} Rxe1+ {[%clk 01:06:36]} {[%emt 00:01:04]} 23. Rxe1 {[%clk 01:00:57]}
{[%emt 00:00:32]} Ne6 {[%clk 01:04:46]} {[%emt 00:02:00]} 24. f4 {[%clk
00:57:36]} {[%emt 00:03:30]} Qc5+ {[%clk 01:02:04]} {[%emt 00:02:53]} 25. Kf1
{[%clk 00:53:43]} {[%emt 00:04:01]} Rd7 {[%clk 00:56:55]} {[%emt 00:05:21]} 26.
Rxe6 {[%clk 00:52:36]} {[%emt 00:01:16]} fxe6 {[%clk 00:56:49]} {[%emt
00:00:17]} 27. Qxe6+ {[%clk 00:51:41]} {[%emt 00:01:05]} Rf7 {[%clk 00:56:49]}
{[%emt 00:00:05]} 28. Qe8+ {[%clk 00:50:49]} {[%emt 00:01:02]} Rf8 {[%clk
00:56:49]} {[%emt 00:00:11]} 29. Qxf8+ {[%clk 00:50:26]} {[%emt 00:00:33]} Qxf8
{[%clk 00:56:49]} {[%emt 00:00:02]} 30. Bxf8 {[%clk 00:50:16]} {[%emt
00:00:20]} Kxf8 {[%clk 00:56:49]} {[%emt 00:00:02]} 31. Ke2 {[%clk 00:49:52]}
{[%emt 00:00:34]} Ke7 {[%clk 00:56:01]} {[%emt 00:00:57]} 32. Ke3 {[%clk
00:49:22]} {[%emt 00:00:33]} Ke6 {[%clk 00:55:26]} {[%emt 00:00:53]} 33. Kd4
{[%clk 00:49:04]} {[%emt 00:00:28]} b6 {[%clk 00:54:16]} {[%emt 00:01:20]} 34.
f5+ gxf5 35. gxf5+ {[%clk 00:47:34]} Kxf5 {[%clk 00:51:57]} {[%emt 00:00:56]}
36. Kxd5 {[%clk 00:47:34]} {[%emt 00:00:08]} h5 {[%clk 00:51:56]} {[%emt
00:00:11]} 37. Kc6 {[%clk 00:46:22]} {[%emt 00:01:22]} Kg4 {[%clk 00:51:56]}
{[%emt 00:00:02]} 38. d4 {[%clk 00:45:47]} {[%emt 00:00:45]} h4 {[%clk
00:51:30]} {[%emt 00:00:37]} 39. d5 {[%clk 00:45:35]} {[%emt 00:00:22]} Kh3
{[%clk 00:51:30]} {[%emt 00:00:05]} 40. d6 {[%clk 00:45:17]} {[%emt 00:00:28]}
Kxh2 {[%clk 00:51:30]} {[%emt 00:00:02]} 41. d7 {[%clk 00:45:17]} {[%emt
00:00:06]} Kg2 {[%clk 00:51:30]} {[%emt 00:00:02]} 42. d8=Q {[%clk 00:44:50]}
{[%emt 00:00:37]} h3 {[%clk 00:51:30]} {[%emt 00:00:01]} 43. Qd5+ {[%clk
00:44:09]} {[%emt 00:00:52]} Kg1 {[%clk 00:51:30]} {[%emt 00:00:08]} 44. Qg5+
{[%clk 00:43:33]} {[%emt 00:00:45]} Kf2 {[%clk 00:51:30]} {[%emt 00:00:11]} 45.
Qh4+ {[%clk 00:43:21]} {[%emt 00:00:19]} Kg2 {[%clk 00:51:30]} 46. Qg4+ {[%clk
00:42:54]} {[%emt 00:00:40]} Kh1 {[%clk 00:51:20]} {[%emt 00:00:20]} 47. Qxh3+
{[%clk 00:42:41]} {[%emt 00:00:22]} Kg1 {[%clk 00:51:20]} 48. Qf3 {[%emt
00:00:53]} b5 {[%emt 00:00:03]} 49. Kxb5 {[%clk 00:41:40]} {[%emt 00:00:17]} a5
{[%clk 00:51:20]} {[%emt 00:00:03]} 50. Kxa5 {[%clk 00:40:43]} {[%emt
00:01:08]} Kh2 {[%clk 00:51:20]} {[%emt 00:00:02]} 51. Qg4 {[%clk 00:40:40]}
{[%emt 00:00:13]} Kh1 {[%clk 00:51:20]} {[%emt 00:00:04]} 52. Kb5 {[%clk
00:40:39]} {[%emt 00:00:12]} Kh2 {[%clk 00:51:20]} {[%emt 00:00:02]} 53. Kc4
{[%clk 00:40:26]} {[%emt 00:00:23]} Kh1 {[%clk 00:51:20]} {[%emt 00:01:06]} 54.
Kd3 {[%clk 00:39:49]} Kh2 {[%clk 00:51:20]} {[%emt 00:00:16]} 55. Ke2 {[%clk
00:39:21]} Kh1 {[%clk 00:51:20]} {[%emt 00:00:40]} 56. Kf2 1-0

[Event "2024 National Elementary (K-6) Championship"]
[Site "Columbus, Ohio, United States"]
[Date "2024.04.26"]
[Round "2.18"]
[White "Xu, Serena"]
[Black "Mcmanus, Frances Lucille"]
[Result "1-0"]
[TimeControl "G/90; d10"]
[WhiteElo "894"]
[BlackElo "756"]

1. e4 {[%clk 01:30:00]} {[%emt 00:00:02]} c6 {[%clk 01:30:00]} {[%emt
00:00:06]} 2. d4 {[%clk 01:29:44]} {[%emt 00:00:26]} d5 {[%clk 01:30:00]}
{[%emt 00:00:06]} 3. exd5 {[%clk 01:29:33]} {[%emt 00:00:20]} cxd5 {[%clk
01:29:45]} {[%emt 00:00:26]} 4. c4 {[%clk 01:28:59]} {[%emt 00:00:44]} Nf6
{[%clk 01:29:28]} {[%emt 00:00:28]} 5. Nc3 {[%clk 01:28:46]} {[%emt 00:00:22]}
Nc6 {[%clk 01:29:13]} {[%emt 00:00:26]} 6. Nf3 {[%clk 01:28:07]} {[%emt
00:00:48]} Bg4 {[%clk 01:28:48]} {[%emt 00:00:36]} 7. h3 {[%clk 01:27:40]}
{[%emt 00:00:36]} Bh5 {[%clk 01:28:43]} {[%emt 00:00:15]} 8. Be2 {[%clk
01:26:21]} {[%emt 00:01:28]} e6 {[%clk 01:27:48]} {[%emt 00:01:06]} 9. O-O
{[%clk 01:26:07]} {[%emt 00:00:24]} Bd6 {[%clk 01:27:09]} {[%emt 00:00:50]} 10.
Re1 {[%clk 01:25:48]} {[%emt 00:00:28]} O-O {[%clk 01:24:57]} {[%emt 00:02:23]}
11. Bg5 {[%clk 01:25:21]} {[%emt 00:00:37]} Be7 {[%clk 01:24:00]} {[%emt
00:01:07]} 12. Qb3 {[%clk 01:20:46]} {[%emt 00:04:44]} Rb8 {[%clk 01:22:59]}
{[%emt 00:01:10]} 13. Bxf6 {[%clk 01:19:21]} {[%emt 00:01:31]} Bxf6 {[%clk
01:22:04]} {[%emt 00:01:10]} 14. cxd5 {[%clk 01:18:27]} {[%emt 00:01:04]} exd5
{[%clk 01:20:55]} {[%emt 00:01:19]} 15. Nxd5 {[%clk 01:16:23]} {[%emt
00:02:13]} Bxf3 {[%clk 01:20:40]} {[%emt 00:00:25]} 16. Bxf3 {[%clk 01:15:09]}
{[%emt 00:01:24]} Nxd4 {[%clk 01:20:34]} {[%emt 00:00:16]} 17. Qd3 {[%clk
01:13:03]} {[%emt 00:02:09]} Nxf3+ {[%clk 01:20:04]} {[%emt 00:00:47]} 18. Qxf3
{[%clk 01:11:32]} {[%emt 00:01:41]} Bxb2 {[%clk 01:19:54]} {[%emt 00:00:21]} 19.
Ne7+ {[%clk 01:10:05]} {[%emt 00:01:37]} Kh8 {[%clk 01:19:12]} {[%emt
00:00:52]} 20. Rad1 {[%clk 01:08:51]} {[%emt 00:01:23]} Qc7 {[%emt 00:02:32]}
21. Re4 {[%clk 01:06:48]} {[%emt 00:01:41]} Rbe8 {[%clk 01:15:03]} {[%emt
00:02:29]} 22. Nd5 {[%clk 01:03:09]} {[%emt 00:03:48]} Qc6 {[%clk 01:10:56]}
{[%emt 00:04:19]} 23. Rh4 {[%clk 00:59:35]} {[%emt 00:03:42]} Rd8 {[%clk
01:08:15]} {[%emt 00:02:51]} 24. Qf5 {[%clk 00:52:23]} {[%emt 00:07:23]} h6
{[%clk 01:05:20]} {[%emt 00:03:06]} 25. Re4 {[%clk 00:45:47]} {[%emt 00:06:46]}
Rde8 {[%clk 00:58:30]} {[%emt 00:06:53]} 26. Ne7 {[%clk 00:41:12]} {[%emt
00:04:51]} Qf6 {[%clk 00:54:46]} {[%emt 00:03:55]} 27. Qc5 {[%clk 00:36:59]}
{[%emt 00:04:24]} Qb6 {[%clk 00:49:39]} {[%emt 00:05:16]} 28. Qf5 {[%clk
00:34:16]} {[%emt 00:02:53]} Ba3 {[%clk 00:47:35]} {[%emt 00:02:14]} 29. Nd5
{[%clk 00:33:05]} {[%emt 00:01:20]} Qg6 {[%clk 00:45:51]} {[%emt 00:01:54]} 30.
Qxg6 {[%clk 00:30:20]} {[%emt 00:02:56]} fxg6 {[%clk 00:43:15]} {[%emt
00:02:46]} 31. Rg4 {[%clk 00:29:37]} {[%emt 00:00:53]} g5 {[%clk 00:42:28]}
{[%emt 00:00:58]} 32. Rb1 {[%clk 00:28:32]} {[%emt 00:01:14]} b6 {[%clk
00:41:34]} {[%emt 00:01:04]} 33. Nc7 {[%clk 00:27:36]} {[%emt 00:01:07]} Rb8
{[%clk 00:41:07]} {[%emt 00:00:36]} 34. Na6 {[%clk 00:26:25]} {[%emt 00:01:21]}
Rb7 {[%clk 00:39:52]} {[%emt 00:01:29]} 35. Ra4 {[%emt 00:01:14]} Bd6 {[%clk
00:37:58]} {[%emt 00:02:01]} 36. Rd4 {[%clk 00:24:21]} {[%emt 00:01:13]} Rd8
{[%clk 00:36:40]} {[%emt 00:01:27]} 37. Rbd1 {[%clk 00:23:37]} {[%emt
00:00:54]} Rbd7 {[%clk 00:36:05]} {[%emt 00:00:46]} 38. Kf1 {[%clk 00:19:43]}
{[%emt 00:04:03]} Kg8 {[%clk 00:35:42]} {[%emt 00:00:35]} 39. Nb4 {[%clk
00:19:03]} {[%emt 00:00:50]} Kf8 {[%clk 00:34:28]} {[%emt 00:01:24]} 40. Nc6
{[%clk 00:17:40]} {[%emt 00:01:33]} Rc8 {[%clk 00:32:03]} {[%emt 00:02:35]} 41.
Ne5 {[%clk 00:16:39]} {[%emt 00:01:10]} Bxe5 {[%clk 00:29:50]} {[%emt
00:02:24]} 42. Rxd7 {[%clk 00:16:29]} {[%emt 00:00:20]} Ra8 {[%clk 00:28:48]}
{[%emt 00:01:11]} 43. R1d5 {[%clk 00:15:41]} {[%emt 00:00:59]} Ke8 {[%clk
00:27:31]} {[%emt 00:01:28]} 44. Rb7 {[%clk 00:15:13]} {[%emt 00:00:38]} Bf6
{[%clk 00:26:19]} {[%emt 00:01:22]} 45. Rdd7 {[%clk 00:15:01]} {[%emt
00:00:22]} Rc8 {[%clk 00:24:40]} {[%emt 00:01:49]} 46. Rdc7 {[%clk 00:14:36]}
{[%emt 00:00:35]} Rd8 {[%clk 00:23:36]} {[%emt 00:01:13]} 47. Rxa7 {[%clk
00:14:01]} {[%emt 00:00:46]} Rd1+ {[%clk 00:23:05]} {[%emt 00:00:40]} 48. Ke2
{[%clk 00:14:01]} {[%emt 00:00:02]} Rc1 {[%emt 00:00:34]} 49. Rxc1 {[%clk
00:13:43]} {[%emt 00:00:24]} Kd8 {[%clk 00:22:38]} {[%emt 00:00:16]} 50. Rb1
{[%clk 00:13:16]} {[%emt 00:00:38]} Kc8 {[%clk 00:22:11]} {[%emt 00:00:36]} 51.
Rxb6 {[%clk 00:13:01]} {[%emt 00:00:25]} Kd8 {[%clk 00:21:46]} {[%emt
00:00:35]} 52. Rb8# {[%emt 00:00:20]} 1-0

[Event "2024 National Elementary (K-6) Championship"]
[Site "Columbus, Ohio, United States"]
[Date "2024.04.26"]
[Round "2.19"]
[White "Gautam, Agastya"]
[Black "Sha, Yi"]
[Result "0-1"]
[TimeControl "G/90; d10"]
[BlackFideId "39915050"]
[WhiteElo "1342"]
[BlackElo "1924"]

1. e4 {[%clk 01:29:57]} {[%emt 00:00:13]} c5 {[%clk 01:30:00]} {[%emt
00:00:10]} 2. Nf3 {[%clk 01:29:57]} {[%emt 00:00:06]} Nc6 {[%clk 01:29:56]}
{[%emt 00:00:13]} 3. Bb5 {[%clk 01:29:57]} {[%emt 00:00:04]} g6 {[%clk
01:29:15]} {[%emt 00:00:56]} 4. O-O {[%clk 01:29:57]} {[%emt 00:00:10]} Bg7
{[%clk 01:29:00]} {[%emt 00:00:25]} 5. c3 {[%clk 01:29:57]} {[%emt 00:00:07]}
e5 {[%clk 01:27:28]} {[%emt 00:01:41]} 6. d3 {[%clk 01:29:06]} {[%emt
00:01:01]} Nge7 {[%clk 01:26:22]} {[%emt 00:01:16]} 7. Be3 {[%clk 01:28:21]}
{[%emt 00:00:56]} d6 {[%clk 01:24:01]} {[%emt 00:02:30]} 8. d4 {[%clk
01:27:47]} {[%emt 00:00:44]} exd4 {[%clk 01:21:47]} {[%emt 00:02:24]} 9. cxd4
{[%clk 01:27:47]} {[%emt 00:00:06]} O-O {[%clk 01:18:25]} {[%emt 00:03:31]} 10.
Qd2 {[%clk 01:27:30]} {[%emt 00:00:27]} Qb6 {[%clk 01:13:26]} {[%emt 00:05:08]}
11. Bxc6 {[%clk 01:25:16]} {[%emt 00:02:25]} Nxc6 {[%clk 01:11:53]} {[%emt
00:01:42]} 12. Rd1 {[%clk 01:25:15]} {[%emt 00:00:12]} Bg4 {[%clk 01:09:43]}
{[%emt 00:02:20]} 13. Bh6 {[%clk 01:24:13]} {[%emt 00:01:12]} Bxh6 {[%clk
01:05:12]} {[%emt 00:04:41]} 14. Qxh6 {[%clk 01:24:13]} {[%emt 00:00:03]} Bxf3
{[%clk 01:04:55]} {[%emt 00:00:26]} 15. gxf3 {[%clk 01:24:13]} {[%emt
00:00:03]} Qxb2 {[%clk 01:03:46]} {[%emt 00:01:20]} 16. Nd2 {[%clk 01:24:09]}
{[%emt 00:00:14]} Qxd4 {[%clk 01:01:46]} {[%emt 00:02:09]} 17. Kh1 {[%clk
01:24:01]} {[%emt 00:00:19]} Qxf2 {[%clk 00:59:02]} {[%emt 00:02:54]} 18. Rg1
{[%clk 01:24:01]} {[%emt 00:00:07]} Qd4 {[%clk 00:58:04]} {[%emt 00:01:05]} 19.
Rg3 {[%clk 01:23:54]} {[%emt 00:00:21]} 0-1

[Event "2024 National Elementary (K-6) Championship"]
[Site "Columbus, Ohio, United States"]
[Date "2024.04.26"]
[Round "2.20"]
[White "Jani, Aakash"]
[Black "Mak, Owen"]
[Result "1-0"]
[TimeControl "G/90; d10"]
[WhiteFideId "30996163"]
[WhiteElo "1920"]
[BlackElo "1335"]

1. d4 {[%clk 01:30:00]} {[%emt 00:00:03]} d5 {[%clk 01:30:00]} {[%emt
00:00:06]} 2. c4 {[%clk 01:30:00]} {[%emt 00:00:07]} e6 {[%clk 01:30:00]}
{[%emt 00:00:09]} 3. Nf3 {[%clk 01:30:00]} {[%emt 00:00:05]} Nf6 {[%clk
01:29:54]} {[%emt 00:00:17]} 4. g3 {[%clk 01:29:35]} {[%emt 00:00:36]} Be7
{[%clk 01:29:52]} {[%emt 00:00:12]} 5. Bg2 {[%clk 01:29:25]} {[%emt 00:00:19]}
Nbd7 {[%clk 01:29:17]} {[%emt 00:00:45]} 6. O-O {[%clk 01:29:07]} {[%emt
00:00:28]} O-O {[%clk 01:29:17]} {[%emt 00:00:07]} 7. Qc2 {[%clk 01:27:45]}
{[%emt 00:01:32]} c5 {[%clk 01:26:57]} {[%emt 00:02:31]} 8. cxd5 {[%clk
01:25:32]} {[%emt 00:02:23]} Nxd5 {[%clk 01:26:16]} {[%emt 00:00:51]} 9. e4
{[%clk 01:24:41]} {[%emt 00:01:00]} N5f6 {[%clk 01:25:48]} {[%emt 00:00:38]} 10.
Rd1 {[%emt 00:01:28]} Qb6 {[%clk 01:25:02]} {[%emt 00:00:03]} 11. Nc3 {[%emt
00:01:27]} Rd8 {[%clk 01:23:20]} {[%emt 00:01:50]} 12. e5 {[%clk 01:21:10]}
{[%emt 00:02:02]} Nd5 {[%clk 01:22:36]} {[%emt 00:00:54]} 13. Nxd5 {[%clk
01:20:08]} {[%emt 00:01:11]} exd5 {[%clk 01:22:32]} {[%emt 00:00:15]} 14. Be3
{[%clk 01:19:26]} {[%emt 00:00:50]} Qg6 {[%emt 00:01:48]} 15. Qc3 {[%clk
01:18:02]} {[%emt 00:00:44]} c4 {[%emt 00:01:13]} 16. b3 {[%emt 00:04:04]} Nb6
{[%emt 00:03:34]} 17. Nd2 {[%emt 00:00:58]} cxb3 {[%clk 01:18:13]} {[%emt
00:00:27]} 18. axb3 {[%clk 01:11:54]} {[%emt 00:00:25]} Bf5 {[%emt 00:01:37]}
19. Qc7 {[%emt 00:00:14]} Bb4 {[%clk 01:16:35]} {[%emt 00:01:20]} 20. Qxb7
{[%clk 01:10:29]} {[%emt 00:00:31]} Rd7 {[%emt 00:01:36]} 21. Qa6 {[%clk
01:09:25]} {[%emt 00:00:02]} Bc2 {[%emt 00:01:33]} 22. Rdc1 {[%emt 00:02:13]}
Bxd2 {[%emt 00:01:12]} 23. Bxd2 {[%clk 01:08:15]} {[%emt 00:00:04]} Bxb3 {[%clk
01:13:10]} {[%emt 00:00:09]} 24. Rcb1 {[%emt 00:01:02]} Nc4 {[%emt 00:03:32]}
25. Rxb3 {[%clk 01:05:17]} {[%emt 00:00:19]} Nxd2 {[%emt 00:03:09]} 26. Rb6
{[%emt 00:00:23]} Qc2 {[%clk 01:10:46]} {[%emt 00:01:04]} 27. Rc6 {[%clk
01:01:54]} {[%emt 00:00:25]} Qb2 {[%clk 01:10:16]} {[%emt 00:00:39]} 28. Rc8+
{[%clk 01:01:29]} {[%emt 00:00:35]} Rd8 {[%clk 01:10:16]} {[%emt 00:00:09]} 29.
Rxa8 {[%clk 01:01:29]} {[%emt 00:00:08]} Rxa8 {[%clk 01:10:14]} {[%emt
00:00:12]} 30. Bxd5 {[%clk 01:01:25]} {[%emt 00:00:14]} Rf8 {[%clk 01:09:55]}
{[%emt 00:00:28]} 31. Qxa7 {[%clk 01:01:03]} {[%emt 00:00:32]} Qb5 {[%emt
00:01:14]} 32. Qxf7+ {[%clk 01:00:39]} {[%emt 00:00:21]} Rxf7 {[%clk 01:08:51]}
{[%emt 00:00:24]} 33. Ra8+ {[%clk 01:00:39]} {[%emt 00:00:06]} Qb8 {[%clk
01:08:51]} {[%emt 00:00:03]} 34. Rxb8# {[%clk 01:00:39]} {[%emt 00:00:08]} 1-0